Circuit corner names - Statistics

General Stats
  • This quiz has been taken 22 times
  • The average score is 9 of 17
Answer Stats
Cornername Circuit % Correct
Parabolica Monza
95%
Eau' rouge Spa-Francorchamps
90%
Senna S Interlagos
85%
Sainte Devote Monaco
80%
Maggotts & Becketts Silverstone
80%
Corkscrew Laguna Seca
70%
Michael Schumacher S Nurburgring
65%
Spoon curve Suzuka
55%
Tarzanbocht Zandvoort
55%
Tosa Imola
45%
Porsche curves Circuit de la Sarthe
40%
Kanaalbocht Zolder
25%
Hell corner Bathurst
15%
Westfield Bend Brands Hatch
15%
Barbeque Kyalami
15%
Sunset Bend Sebring
15%
The 90 Watkins Glen
10%
No matching quizzes found
Score Distribution
Percent of People with Each Score
Percentile by Number Answered
Your Score History
You have not taken this quiz